Kabhi Khushi Kabhie Gham... (Record no. 19088)

MARC details
000 -LEADER
fixed length control field 01594ngm a2200397 4500
003 - CONTROL NUMBER IDENTIFIER
control field dpl
005 - DATE AND TIME OF LATEST TRANSACTION
control field 20081125122625.0
007 - PHYSICAL DESCRIPTION FIXED FIELD--GENERAL INFORMATION
fixed length control field DVD
008 - FIXED-LENGTH DATA ELEMENTS--GENERAL INFORMATION
fixed length control field ||||||sp199 xxu|||||c ||| 00| 0 ng d
010 ## - LIBRARY OF CONGRESS CONTROL NUMBER
LC control number DVD-001352-1354
024 ## - OTHER STANDARD IDENTIFIER
Terms of availability 69.00
035 ## - SYSTEM CONTROL NUMBER
System control number DVD-001352-1354
040 ## - CATALOGING SOURCE
Original cataloging agency DPL
Transcribing agency DPL
082 ## - DEWEY DECIMAL CLASSIFICATION NUMBER
Classification number DVD / KABH
245 ## - TITLE STATEMENT
Title Kabhi Khushi Kabhie Gham...
Statement of responsibility, etc Dharma Production Presents
Medium [videorecording] DVD/
260 ## - PUBLICATION, DISTRIBUTION, ETC. (IMPRINT)
Name of publisher, distributor, etc Sony BMG Home Entertainment
300 ## - PHYSICAL DESCRIPTION
Extent 1 videodisc DVD; (210 min.) ;
Other physical details sd., col. ;
Dimensions 4 3/4 in.
Type of unit DVD
440 ## - SERIES STATEMENT/ADDED ENTRY--TITLE
Title Sony BMGj Home Entertainment
538 ## - SYSTEM DETAILS NOTE
System details note Dolby Digital 5.1 - Hindi Subtitles: English
650 ## - SUBJECT ADDED ENTRY--TOPICAL TERM
Topical term or geographic name as entry element Motion Picture
700 ## - ADDED ENTRY--PERSONAL NAME
Personal name Johar, Karan
700 ## - ADDED ENTRY--PERSONAL NAME
Personal name Johar, Yash
700 ## - ADDED ENTRY--PERSONAL NAME
Personal name Maehta, Anil
700 ## - ADDED ENTRY--PERSONAL NAME
Personal name Shankar-Ehsaan-Loy
700 ## - ADDED ENTRY--PERSONAL NAME
Personal name Bachchan, Amitabh
700 ## - ADDED ENTRY--PERSONAL NAME
Personal name Bachchan, Jaya
700 ## - ADDED ENTRY--PERSONAL NAME
Personal name Khan, Shah Rukh
700 ## - ADDED ENTRY--PERSONAL NAME
Personal name Kajol
700 ## - ADDED ENTRY--PERSONAL NAME
Personal name Kapoor, Karina
700 ## - ADDED ENTRY--PERSONAL NAME
Personal name Roshan, Hrithik
942 ## - ADDED ENTRY ELEMENTS (KOHA)
Koha item type CD-ROMs, DVDs, VHS
Source of classification or shelving scheme Dewey Decimal Classification
Classification part DVD
Call number suffix KABH
Holdings
Withdrawn status Lost status Source of classification or shelving scheme Damaged status Not for loan Home library Current library Date acquired Source of acquisition Cost, normal purchase price Total Checkouts Full call number Barcode Date last seen Date checked out Copy number Cost, replacement price Price effective from Koha item type
    Dewey Decimal Classification     Central Library Central Library 25/11/2008 Purchase 69.00 17 DVD KABH DVD-001352 29/11/2016 16/11/2016 1 69.00 25/11/2008 CD-ROMs, DVDs, VHS
    Dewey Decimal Classification     Patel Nagar Patel Nagar 25/11/2008 Purchase 69.00 13 DVD KABH DVD-001354 05/10/2014 19/09/2014 1 69.00 25/11/2008 CD-ROMs, DVDs, VHS
    Dewey Decimal Classification     Sarojini Nagar Sarojini Nagar 25/11/2008 Purchase 69.00 11 DVD KABH DVD-001353 07/01/2016 06/01/2016 1 69.00 25/11/2008 CD-ROMs, DVDs, VHS

© Delhi Public Library
Hit Counter
free hit counter